000 00812nam a2200241 i 4500
001 bg
100 1 _aKUBR, Milan
245 1 0 _aJak wybrać doradcę :
_bprzewodnik dla klienta /
_cMilan Kubr ; International Labour Office ; [tł. z ang. Piotr Miękus].
246 _iTyt. oryg.:
_aHow to select and use consultants. A client
260 _aWarszawa :
_bWydawnictwa Normalizacyjne ALFA-WERO,
_c1997.
300 _a255 s. :
_brys., wykr. ;
_c24 cm.
500 _aOryg.: "How to select and use consultants. A client"s guide".
504 _aBibliogr. s. 237-238.
650 9 _aPoradnictwo
650 9 _aZarządzanie
_xporadnictwo
020 _a8371790449
040 _cBPK
041 1 _apl
_hen
080 _a659.235
920 _a83-7179-044-9
942 _cKS
008 s pl f |000 0 pol
999 _c31462
_d31462
856 _uhttp://koha.tu.koszalin.pl/cgi-bin/koha/opac-detail.pl?biblionumber=31462
_yKatalog online BPK